| 000 | 01070cam a22003377a 4500 | ||
|---|---|---|---|
| 003 | CHAP | ||
| 005 | 20220817043810.0 | ||
| 008 | 010323d it rn 00110 spa d | ||
| 010 | _a84752 | ||
| 011 | _a85724 | ||
| 020 | _a9251043884 | ||
| 035 | _a96260 | ||
| 040 | _cCHAP | ||
| 082 | 0 | 4 |
_a635 _bF21y |
| 110 | 2 | _aFAO | |
| 245 | 1 | 0 |
_aImproving nutrition through home gardening : _ba training package for preparing field workers in Africa _c/by FAO |
| 260 |
_aRome : _bFAO, _c2001. |
||
| 300 |
_a275 p. : _bilus. |
||
| 590 |
_aBATCH-UPD _b10 _c20130110 _lUCH01 _h0957 |
||
| 590 |
_aBATCH-UPD _b10 _c20130410 _lUCH01 _h0609 |
||
| 590 |
_aBATCH-UPD _b10 _c20130914 _lUCH01 _h0034 |
||
| 590 |
_aCONVERSION _b10 _c20130109 _lUCH01 _h1347 |
||
| 650 | 1 | 4 |
_aAgricultura doméstica. _92000 |
| 650 | 1 | 4 |
_aDesarrollo rural. _932067 |
| 650 | 1 | 4 |
_aExtensión agrícola _xAfrica. _939145 |
| 650 | 1 | 4 |
_aHuertos familiares. _956726 |
| 901 | _aBK | ||
| 905 | _aAlejandra Carrasco M. | ||
| 942 | _cLIBRO | ||
| 949 |
_a635 F21y _bBC _cFAO _d33724000857124 _eFAO1 _gDonaciØn _h101737 _i96260 _sb |
||
| 999 |
_c84752 _d84752 |
||